000 00725nam a22002655i 4500
001 11707
003 ES-MaACL
005 20230906150145.0
007 t|
008 930419s1993 sp ||||0| spa j
020 _a84-406-3335-1
040 _aM-BN
_bspa
_cM-BN
080 _a882-31"19"
100 1 _aRibakov, Anatoli.
_996709
245 1 3 _aEl terror /
_cAnatoli Ribakov ; [traducción, Isabel Vicente].
250 _a[1ª ed.].
260 _aBarcelona :
_bEdiciones B,
_c1993.
300 _a780 p ;
_c22 cm.
490 1 _aTiempos modernos
700 1 _aVicente, Isabel.
_9114337
830 0 _aTiempos modernos
_9178583
852 _aES-MaACL
_jL-18998
_bR.123144
999 _c11707
_d11707